| 000 | 01755nam0a22003611 4500 | ||
|---|---|---|---|
| 001 | rc\4101708 | ||
| 005 | 20130415164136.3 | ||
| 021 |
_aRU _b[48-20614] |
||
| 035 | _a(NLR Aleph) 008139222 | ||
| 090 |
_a9473296 _c9473296 |
||
| 100 | _a20130415d1948 |||y0rusy50 ca | ||
| 101 | 0 | _arus | |
| 102 | _aRU | ||
| 105 | _aac z ||||| | ||
| 200 | 1 |
_aО социалистическом преобразовании сельского хозяйства Ленинградской области _e[Из докладов и речей С.М. Кирова _eСборник _fМузей С.М. Кирова |
|
| 210 |
_aЛенинград] _cЛениздат _d1948 _gтип. им. Володарского |
||
| 215 |
_a224 с.; 1 л. портр. _cил. _d22 |
||
| 300 | _aПеред загл. авт.: С.М. Киров | ||
| 300 | _aНа обороте тит. л. сост.: Андреева М.К., Иванова М.Д., Куртик Б.А. и Энман Н.А. | ||
| 601 | 0 | 2 |
_aВКП(б) _xРабота в деревне _2psbo |
| 606 |
_aСельское хозяйство _yЛенинградская область _2psbo |
||
| 606 |
_aКолхозы _yЛенинградская область _2psbo |
||
| 606 |
_aКоллективизация сельского хозяйства _yЛенинградская область _2psbo |
||
| 700 | 1 |
_aКиров _bС. М. _f1886-1934 _gСергей Миронович |
|
| 702 | 1 |
_aКуртик _bБ. А. _4220 |
|
| 702 | 1 |
_aЭнман _bН. А. _4220 |
|
| 702 | 1 |
_aИванова _bМ. Д. _4220 |
|
| 702 | 1 |
_aАндреева _bМ. К. _gМария Константиновна _4220 |
|
| 801 | 0 |
_aRU _bNLR _gpsbo |
|
| 801 | 1 |
_aRU _bELAR _2rusmarc |
|
| 852 |
_aNLR _jЭк50 Г-5/36 |
||
| 942 | _cBOOK | ||
| 980 | _aNB | ||